| 000 | 00646nam a22001937a 4500 | ||
|---|---|---|---|
| 942 | _cBK | ||
| 999 |
_c66 _d66 |
||
| 005 | 20250420134754.0 | ||
| 008 | 191028b ||||| |||| 00| 0 eng d | ||
| 020 | _a9781539527756 | ||
| 040 |
_cDLB _dKCST |
||
| 082 |
_a378.0014 _bBa On |
||
| 100 |
_aBarros, Luiz Otávio _9279 |
||
| 245 |
_aThe only academic phrasebook you'll ever need : _b600 examples of academic language/ _cLuiz Otávio Barros |
||
| 260 |
_a[Place of publication not identified] : [ _bCreatespace Independent Publishing Platform], _c[2016] ©2016 |
||
| 300 | _a71 p. | ||
| 650 |
_aAcademic language _9280 |
||
| 650 |
_aStudy and teaching. _9281 |
||
| 942 | _2ddc | ||